000 01260nam a22003617a 4500
003 CHAP
005 20220329133003.0
008 971013s1990 r 00010 d
010 _a971
011 _a1943
035 _a1128
040 _cCHAP
090 _aTesis
100 0 0 _aSantiago Sandoval, Armida del Pilar.
_9102390
245 _aCrédito, seguro y asistencia técnica en productores de subsistencia
_b: caso productores Tojolabales, Chiapas
260 _aMontecillo, Méx. :
_bEl autor,
_c1990
300 _a182 h.
_b: ilus.
500 _a39-206
502 _aTesis (M.C. Esp. en Desarrollo Rural) -- C.P. Centro de Estudios del Desarrollo Rural
590 _aALEPH
_b10
_c20130110
_lUCH01
_h1206
590 _aBATCH-UPD
_b10
_c20130110
_lUCH01
_h0128
590 _aBATCH-UPD
_b10
_c20130110
_lUCH01
_h1930
590 _aBATCH-UPD
_b10
_c20130410
_lUCH01
_h1255
590 _aBATCH-UPD
_b10
_c20130914
_lUCH01
_h0503
590 _aCONVERSION
_b10
_c20130109
_lUCH01
_h1302
650 1 4 _aAyuda técnica.
_99035
650 1 4 _aCrédito agrícola
_zChiapas.
_929087
650 1 4 _aSeguro agrícola
_xChiapas.
_9103695
901 _aBK
942 _cFOLL
949 _bBC
_cTES
_d-10592
_eTS1
_h23152
_i1128
_si
949 _bBC
_cTES
_d-70362
_eTS2
_fc.2
_h23153
_i1128
_si
999 _c971
_d971